Miss Teen USA South Carolina Quote Quiz Stats

Quiz not verified by Sporcle

Challenge
Share
Tweet
Embed
Score 0/8 Timer 10:00
0 Plays Today
dumb part of quote another dumb part of quote % Correct
everywhere like such as...and
73.8%
I personally believe that U.S. ...Americans
57.1%
or should help...South Africa
38.1%
in our nation...don't have maps
27.4%
I believe that they should, our education over here in the U.S. should help the...U.S.
22.6%
it should help the Iraq and the Asian countries so we will be able to build up our future...for our children.
20.2%
and I believe that our education like such as...South Africa and the Iraq
16.7%
are unable to do so because...some people out there
15.5%

You're not logged in!

Compare scores with friends on all Sporcle quizzes.
Sign Up with Email
OR
Log In

You Might Also Like...

Show Comments

Extras

Top Quizzes Today


Score Distribution

Your Account Isn't Verified!

In order to create a playlist on Sporcle, you need to verify the email address you used during registration. Go to your Sporcle Settings to finish the process.